Сравнительный анализ количественного параметра в русском и английском языках (на материале пословиц и поговорок); Проблемы и перспективы современного образования в России и зарубежных странах; Ч. 2

Detalles Bibliográficos
Parent link:Проблемы и перспективы современного образования в России и зарубежных странах: сборник трудов I Международной заочной научно-практической конференции, 12 декабря 2012 г., Томск/ Национальный исследовательский Томский политехнический университет (ТПУ).— , 2013
Ч. 2.— 2013.— [С. 44-46]
Autor Principal: Игнатенко К. В.
Outros autores: Куимова М. В. Марина Валерьевна (научный руководитель)
Summary:Заглавие с титульного экрана
Idioma:ruso
Publicado: 2013
Series:Проблемы перевода
Subjects:
Acceso en liña:http://www.lib.tpu.ru/fulltext/c/2012/C16/V2/020.pdf
Formato: MixedMaterials Electrónico Capítulo de libro
KOHA link:https://koha.lib.tpu.ru/cgi-bin/koha/opac-detail.pl?biblionumber=234180

MARC

LEADER 00000naa2a2200000 4500
001 234180
005 20260121130719.0
035 |a (RuTPU)RU\TPU\book\255289 
035 |a RU\TPU\book\255217 
090 |a 234180 
100 |a 20130319d2013 k y0rusy50 ca 
101 0 |a rus 
102 |a RU 
135 |a drnn ---uucaa 
181 0 |a i  
182 0 |a b 
200 1 |a Сравнительный анализ количественного параметра в русском и английском языках (на материале пословиц и поговорок)  |f К. В. Игнатенко  |g науч. рук. М. В. Куимова 
203 |a Текст  |c электронный 
225 1 |a Проблемы перевода 
300 |a Заглавие с титульного экрана 
320 |a [Библиогр.: с. 46 (3 назв.)] 
337 |a Adobe Reader 
461 1 |0 (RuTPU)RU\TPU\book\255079  |t Проблемы и перспективы современного образования в России и зарубежных странах  |o сборник трудов I Международной заочной научно-практической конференции, 12 декабря 2012 г., Томск  |f Национальный исследовательский Томский политехнический университет (ТПУ)  |d 2013 
463 1 |0 (RuTPU)RU\TPU\book\255107  |t Ч. 2  |v [С. 44-46]  |d 2013 
610 1 |a труды учёных ТПУ 
610 1 |a электронный ресурс 
610 1 |a сравнительный анализ 
610 1 |a русский язык 
610 1 |a английский язык 
610 1 |a пословицы 
610 1 |a поговорки 
700 1 |a Игнатенко  |b К. В. 
702 1 |a Куимова  |b М. В.  |c кандидат педагогических наук   |c заведующий кафедрой европейских языков, доцент  |c кафедра английского языка и технической коммуникации  |g Марина Валерьевна  |4 727 
801 2 |a RU  |b 63413507  |c 20131017  |g RCR 
856 4 |u http://www.lib.tpu.ru/fulltext/c/2012/C16/V2/020.pdf 
942 |c CF